Hiểu và thực hành tiếng Anh khẩu ngữ trong thực tế= Understadning spoken english a focus on everyday language in context Kèm 1 đĩa CD

Guardat en:
Dades bibliogràfiques
Autor principal: Susan Boyer
Format: Llibre
Idioma:Undetermined
Publicat: Tp. Hồ Chí Minh Tổng Hợp Tp. Hồ Chí Minh 2004
Matèries:
Etiquetes: Afegir etiqueta
Sense etiquetes, Sigues el primer a etiquetar aquest registre!
Thư viện lưu trữ: Trung tâm Học liệu Trường Đại học Cần Thơ
LEADER 00749nam a2200217Ia 4500
001 CTU_87126
008 210402s9999 xx 000 0 und d
020 |c 38000 
082 |a 428.34 
082 |b B791/T.1 
100 |a Susan Boyer 
245 0 |a Hiểu và thực hành tiếng Anh khẩu ngữ trong thực tế= Understadning spoken english a focus on everyday language in context 
245 0 |b Kèm 1 đĩa CD 
245 0 |c Susan Boyer; Nguyễn Thành Yến dịch 
260 |a Tp. Hồ Chí Minh 
260 |b Tổng Hợp Tp. Hồ Chí Minh 
260 |c 2004 
650 |a english language 
650 |x spoken english 
904 |i M.Loan 
980 |a Trung tâm Học liệu Trường Đại học Cần Thơ